Statistics for Simpsons Trivia - Season 4

Click here to take the quiz!

General Stats

  • This quiz has been taken 71 times
  • The average score is 15 of 22

Answer Stats

EpisodeQuestionAnswer% Correct
"Lisa's First Word"What is Lisa's first word?Bart
85%
"Treehouse of Horror III"Whose brain are the zombies uninterested in eating?Homer
85%
"Mr. Plow"What is the name of Barney's rival plowing business?Plow King
83%
"Homer the Heretic"Homer celebrates skipping church by making what classic breakfast food? (Hint: he wraps it around a stick of butter.)Moon Waffles
81%
"Duffless"What is the title of Lisa's science project?Is My Brother Dumber than a {Hamster}?
78%
"Whacking Day"What deep-voiced soul singer helps Bart and Lisa save the snakes?Barry White
76%
"New Kid on the Block"Which popular prank victim finally learns the address--but not the true identity--of his tormentor?Moe
76%
"Marge vs. the Monorail"What foolish form of power does the monorail run on? ("When will they learn?")Solar
76%
"Kamp Krusty"By way of apology, where does Krusty take the campers?Tijuana
75%
"Krusty Gets Kancelled"What is the name of the ventriloquist dummy whose success leads to the cancellation of Krusty's show?Gabbo
73%
"Last Exit to Springfield"Complete the refrain: "Dental plan!""{Lisa} {needs} {braces}!"
73%
"Marge Gets a Job"Faced with the prospect of taking a test, Bart "cleverly" escapes by feigning distress in which female body part?"Ohh, my {ovaries}!"
71%
"The Front"What is the title of the Itchy & Scratchy episode that Bart and Lisa write?Little {Barbershop} of Horrors
66%
"Lisa the Beauty Queen"To get the money to enter Lisa in the pageant, Homer gives up a ticket for what?The Duff Blimp
64%
"So It's Come to This: A Simpsons Clip Show"This episode, in which Homer is injured by an exploding beer can and later goes into a coma, takes place on which holiday?April Fools' Day
63%
"A Streetcar Named Marge"Maggie's time in the Ayn Rand School for Tots pays homage to two famous 1960's films. Name one.The Birds and The Great Escape
61%
"Marge in Chains"What U.S. president is called "history's greatest monster"?Jimmy Carter
59%
"Itchy & Scratchy: The Movie"As a direct result of Homer's refusal to let him see the movie, in the future Bart becomes what?Chief Justice of the Supreme Court
58%
"Selma's Choice"Lisa temporarily loses her mind after drinking the water from a Duff Gardens ride that mimics what famous Disneyland attraction?It's a Small World
58%
"Brother from the Same Planet"What does Homer mistakenly call his Little Brother, Pepe?Pepsi
51%
"Homer's Triple Bypass"Dr. Nick Riviera's phone number is 1-800-DOCTORB. What does the extra "B" stand for?Bargain
47%
"I Love Lisa"What seasonally inappropriate song plays during this episode, which begins on Valentine's Day and ends on Presidents' Day?Monster Mash
46%

Score Distribution

Percentile by Number Answered

Percent of People with Each Score

Your Score History

You have not taken this quiz